000 01317cam a2200373 i 4500
999 _c67961
_d67961
001 67961
003 Mx-PuUPA
005 20221012091624.0
008 190506s2016 mx a br 00| 1 spa d
020 _a9786072420779
020 _a9789687791760 de la colección El barco de vapor
040 _aMx-PuUPA
_bspa
_cMx-PuUPA
_dMx-PuUPA
_erda
041 0 _aspa
100 1 _aMartínez Vélez, Oscar,
_eautor
_98299
245 1 1 _a¡Guácala! /
_cÓscar Martínez Vélez ; ilustraciones de Patricio Betto.
250 _aSegunda edición
264 4 _aCiudad de México :
_bEdiciones SM,
_c2016
300 _a180 páginas :
_bilustraciones ;
_c19 cm.
336 _2rdacontent
_atexto
_btxt
337 _2rdamedia
_asin medio
_bn
338 _2rdacarrier
_avolumen
_bnc
490 1 _aEl barco de vapor. Naranja ;
_v13 M
650 1 4 _aLiteratura mexicana
_vFicción infantil
650 1 4 _aHumor
_xLiteratura infantil
650 1 4 _aAmistad
_xLiteratura infantil
650 1 4 _aAventura
_xLiteratura infantil
700 1 _aBetto, Patricio,
_eilustrador
830 3 _aEl barco de vapor.
_pNaranja ;
_v13 M
942 _2ddc
_cLI
_h808.8035234
_iB2913